Normal view
MARC view
- Valle Gómez, Héctor
Entry Nombre Personal
001 - NUMERO DE CONTROL
- campo de control: 45215
003 - IDENTIFICADOR DE NUMERO DE CONTROL
- campo de control: MX-MxUPN
005 - FECHA Y HORA DE LA ÜLTIMA TRANSACCIÓN
- campo de control: 20220630125532.0
008 - DATOS DE LONGITUD FIJA
- campo de control de longitud fija: 220630|| aca||aabn | a|a d
040 ## - FUENTE DE CATALOGACIÓN
- Agencia original de catalogación: MX-MxUPN
- Lenguaje de catalogación: spa
- Agencia de transcripción: MX-MxUPN
100 1# - ENCABEZAMIENTO - NOMBRE PERSONAL
- Nombre personal: Valle Gómez, Héctor
400 1# - VEÁSE - NOMBRE DE PERSONA
- Personal name: Valle G., Héctor
400 1# - VEÁSE - NOMBRE DE PERSONA
- Personal name: Valle Gómez, Héctor Fernando
670 ## - FUENTE EN LA QUE SE LOCALIZARON DATOS
- Cita de la fuente: Geografía tres, 1987:
- Información localizada: portada (Héctor Valle Gómez)
670 ## - FUENTE EN LA QUE SE LOCALIZARON DATOS
- Cita de la fuente: Geografía dos, 1987:
- Información localizada: portada (Héctor Valle G.)
670 ## - FUENTE EN LA QUE SE LOCALIZARON DATOS
- Cita de la fuente: Geografía 1 : primer curso, 1978:
- Información localizada: portada (Héctor Fernando Valle Gómez)
902 ## - CATALOGADOR
- Catalogador: VRC/300622
